000 00413nam a2200181Ia 4500
005 20251020182615.0
008 200515s9999 xx 000 0 und d
082 _aSC/691/B96/26ed.
100 _aBUSTAMANTE PEREZ, Guillermo
245 0 _aGuía de Materiales y Servicios
250 _a26 ed.
260 _aLima
260 _c1981
300 _a404
650 _aGUIA
650 _aMATERIALES
942 _cLIB
999 _c3469
_d3469